| 000 | 00361cam a2200145ua 4500 | ||
|---|---|---|---|
| 041 |
_ahin _h |
||
| 082 |
_a891.54 _bLAK/BI |
||
| 100 | _aLakshminarain, Sharma . | ||
| 245 |
_aBirth control / _cLakshminarain Sharma. _hTextual Documents |
||
| 260 |
_a : _bHindi Prakat Bubsaya , _c1965. |
||
| 300 | _a127 ; . | ||
| 504 | _a | ||
| 942 | _cBK | ||
| 999 |
_c2632 _d2632 |
||